[Event "GER-chT WK U18 4th"]
[Site "Kiel"]
[Date "2008.06.01"]
[Round "6.3"]
[White "Kullak, Nils"]
[Black "Schweer, Victoria"]
[Result "1-0"]
[WhiteElo "964"]
[BlackElo "897"]
[PlyCount "47"]
[EventDate "2008.05.31"]
[EventType "team-swiss"]
[EventRounds "7"]
[EventCountry "GER"]
[SourceTitle "EXT 2010"]
[Source "ChessBase"]
[SourceDate "2010.11.25"]
[SourceVersion "1"]
[SourceVersionDate "2010.11.25"]
[SourceQuality "1"]

1. e4 e6 2. Nf3 d5 3. Nc3 dxe4 4. Nxe4 Nc6 5. Bb5 Bd7 6. c3 a6 7. Bxc6 Bxc6 8. Qe2 Ne7 9. d4 Nf5 10. Bf4 Be7 11. Ne5 Bd5 12. Qc2 0-0 13. c4 Bb4+ 14. Nc3 Nxd4 15. Qd3 Bxg2 16. Rg1 Bh3 17. Qxh3 Nc2+ 18. Ke2 Nxa1 19. Bh6 g6 20. Ne4 Qd4 21. Nf6+ Kh8 22. Bxf8 Qxe5+ 23. Kf1 Rxf8 24. Qxh7# 1-0